Every Battlestations Pacific Unit - Statistics

General Stats
  • This quiz has been taken 6 times
  • The average score is 7 of 92
Answer Stats
Class Answer % Correct
AP B-17 Flying Fortress
60%
AP Hellcat
60%
AP Wildcat
60%
JP Zero
60%
AP Avenger
40%
AP B-25 Mitchell
40%
AP B-29 Superfortress
40%
JP Betty
40%
AP P-38 Lightning
40%
JS Akagi
20%
AP C-47 Skytrain
20%
AP Corsair
20%
AP Dauntless
20%
AP Helldiver
20%
JS Hiryu
20%
JS Kaga
20%
AS Lexington
20%
AP PBY Catalina
20%
JS Soryu
20%
AS South Dakota
20%
JS Yamato
20%
AS York
20%
AS Yorktown
20%
JS Agano
0%
JS Akizuki
0%
AS Alaska
0%
AS Allen M. Sumner
0%
AS ASW Fletcher
0%
AS Atlanta
0%
AS Bogue
0%
AP Buffalo
0%
AS Clemson
0%
AS Cleveland
0%
JS Daihatsu LCP
0%
AS De Ruyter
0%
AP Devastator
0%
AS Elco PT Boat
0%
JP Emily
0%
AS Fletcher
0%
JS Fubuki
0%
JS Fuso
0%
AS Gato
0%
JP Gekko
0%
JS Gyoraitei
0%
AS Hermes
0%
AS Higgins Boat
0%
AP Hurricane
0%
JS I-400
0%
AS Iowa
0%
JP Jake
0%
JP Jill
0%
JP Judy
0%
JS Kaiten
0%
JS Kaiten Carrier
0%
JP Kate
0%
JP Kikka
0%
AP Kingfisher
0%
AS King George V
0%
JS Kongo
0%
JS Kuma
0%
JP Liz
0%
AS LST Mark 2
0%
JP Mavis
0%
JS Minekaze
0%
JS Mogami
0%
AS Montana
0%
AS Narwhal
0%
JP Nell
0%
AS New York
0%
AS Northampton
0%
JP Ohka
0%
JP Oscar
0%
JP Pete
0%
JP Raiden
0%
AS Renown
0%
AS Rocket LSM
0%
JP Seiran
0%
JS Shimkaze
0%
JS Shinyo
0%
JS Shoho
0%
AP Shooting Star
0%
AP Swordfish
0%
JP Tabby
0%
JS Takao
0%
JS Tone
0%
AS Troop Transport
0%
JS Troop Transport
0%
JS Type A
0%
JS Type B
0%
JS Type SB Landing Boat
0%
JP Val
0%
AP Warhawk
0%
No matching quizzes found
Score Distribution
Percent of People with Each Score
Percentile by Number Answered
Your Score History
You have not taken this quiz